000 00718nam a2200253 i 4500
001 45808
003 ES-MaACL
005 20230906161259.0
007 t|
008 030327s1985 sp ||||1| spa d
020 _a84-320-4357-5
100 1 _aCollier, Richard.
_939710
245 1 3 _aLa gente del Arco Iris /
_cRichard Collier ; traducción de Pilar Giralt.
250 _a1ª ed.
260 _aBarcelona :
_bPlaneta,
_c1985.
300 _a276 p., 8 lám. ;
_c21 cm.
490 1 _aDocumento ;
_v171
500 _aIndice.
504 _aBibliografía: p. 247-265.
700 1 _aGiralt, Pilar.
_957201
830 0 _aDocumento ;
_v171
_9177347
852 _aES-MaACL
_jL-10406
_bR.110521
999 _c45808
_d45808